000 00440nam a22001097a 4500
082 _a891.433/RAJ/N
100 _aराजऋषि,कर्नल गौतम
_983685
245 _aहैशटैग मुहब्‍बत ने फौजी बनाया महबूब ने कांतिल
260 _aदिल्‍ली
_bयुवान बुक्‍स
_c2024
650 _aउपन्‍यास
942 _cHIN
999 _c68633
_d68633